{"text_format":"1","workbook":"xlsx","n_sheets":2,"sheets":["Данные","Лист1"],"not_rendered":{"charts":0,"images":0,"macros":1,"external_links":0,"defined_names":4,"comments":0,"pivot_tables":0},"unopened":[],"bounds":{"document_bytes":16777216,"sheet_cells":100000,"rows_first":2000,"rows_last":500,"rows_between":2000,"halvings":0,"cell_chars":16384,"cell_head_chars":4096},"cells_cut":0,"cells_raw":0,"read":"whole","date_system":"1900"}

{"sheet":"Данные","index":0,"n_rows":114,"n_cols":10,"rows_kept":114,"cut":false,"hidden":false,"merged":[[1,0,1,9]]}
[null,null,null,null,null,null,null,null,"Приложение №1"]
["Перечень актуальных и готовых к реализации невостребованных МТР"]
[]
["Наименование лота","Наименование ОГ","№ лота","№ позиции","Наименование неликвидных (НЛ) и невостребованных ликвидных (НВЛ) материалов","Ед. изм","Количество","Мин. цена реализации за ед., руб., без НДС ","Сумма, руб. без НДС","Место нахождения"]
["Заслонки","ПАО АНК \"Башнефть\" \"Башнефть-Новойл\"",1,1,"Заслонка АЗД 133.000 Ф200","ШТ",14,1119.83,{"$f":"G5*H5","v":15677.619999999999},"450045, г. Уфа, ПАО АНК \"Башнефть\" \"Башнефть-Новойл\""]
["Заслонки","ПАО АНК \"Башнефть\" \"Башнефть-Новойл\"",1,2,"Заслонка АЗД 133.000-01 Ф250","ШТ",7,1157.8,8104.5999999999995,"450045, г. Уфа, ПАО АНК \"Башнефть\" \"Башнефть-Новойл\""]
["Заслонки","ПАО АНК \"Башнефть\" \"Башнефть-Новойл\"",1,3,"Заслонка АЗД 133.000-02 Ф315","ШТ",4,1238.03,4952.12,"450045, г. Уфа, ПАО АНК \"Башнефть\" \"Башнефть-Новойл\""]
["Заслонки","ПАО АНК \"Башнефть\" \"Башнефть-Новойл\"",1,4,"Заслонка АЗД 133.000-03 Ф400","ШТ",4,1401.95,5607.8,"450045, г. Уфа, ПАО АНК \"Башнефть\" \"Башнефть-Новойл\""]
["Заслонки","ПАО АНК \"Башнефть\" \"Башнефть-Новойл\"",1,5,"Заслонка АЗД 133.000-04 Ф500","ШТ",4,1581.4,6325.6,"450045, г. Уфа, ПАО АНК \"Башнефть\" \"Башнефть-Новойл\""]
["Заслонки","ПАО АНК \"Башнефть\" \"Башнефть-Новойл\"",1,6,"Заслонка АЗД 136.000 Ф630","ШТ",1,2735.74,2735.74,"450045, г. Уфа, ПАО АНК \"Башнефть\" \"Башнефть-Новойл\""]
["Заслонки","ПАО АНК \"Башнефть\" \"Башнефть-Новойл\"",1,7,"Заслонка АЗД 136.000-01 Ф800","ШТ",3,3300.83,9902.49,"450045, г. Уфа, ПАО АНК \"Башнефть\" \"Башнефть-Новойл\""]
["Заслонки","ПАО АНК \"Башнефть\" \"Башнефть-Новойл\"",1,8,"Заслонка АЗД 196.000-01 Ф250","ШТ",10,1753.08,17530.8,"450045, г. Уфа, ПАО АНК \"Башнефть\" \"Башнефть-Новойл\""]
["Заслонки","ПАО АНК \"Башнефть\" \"Башнефть-Новойл\"",1,9,"Заслонка АЗД 196.000-07 Ф500","ШТ",2,3771.83,7543.66,"450045, г. Уфа, ПАО АНК \"Башнефть\" \"Башнефть-Новойл\""]
["Заслонки","ПАО АНК \"Башнефть\" \"Башнефть-Новойл\"",1,10,"Заслонка АЗД 196.000-07 Ф500","ШТ",1,4307.93,4307.93,"450045, г. Уфа, ПАО АНК \"Башнефть\" \"Башнефть-Новойл\""]
["Заслонки","ПАО АНК \"Башнефть\" \"Башнефть-Новойл\"",1,11,"Заслонка воздушная АЗД 196.000-03-Ф315","ШТ",6,1981.71,11890.26,"450045, г. Уфа, ПАО АНК \"Башнефть\" \"Башнефть-Новойл\""]
["Заслонки","ПАО АНК \"Башнефть\" \"Башнефть-Новойл\"",1,12,"Заслонка воздушная АЗД 197.000","ШТ",2,3255.97,6511.94,"450045, г. Уфа, ПАО АНК \"Башнефть\" \"Башнефть-Новойл\""]
["Заслонки","ПАО АНК \"Башнефть\" \"Башнефть-Новойл\"",1,13,"Заслонка дроссельная DKD303-000031-02","ШТ",1,63181.82,63181.82,"450045, г. Уфа, ПАО АНК \"Башнефть\" \"Башнефть-Новойл\""]
["Заслонки","ПАО АНК \"Башнефть\" \"Башнефть-Новойл\"",1,14,"Заслонка дроссельная DKD303-000090-02","ШТ",1,78247.41,78247.41,"450045, г. Уфа, ПАО АНК \"Башнефть\" \"Башнефть-Новойл\""]
["Заслонки","ПАО АНК \"Башнефть\" \"Башнефть-Новойл\"",1,15,"Заслонка дроссельная DKD303-000100-00","ШТ",2,50816.54,101633.08,"450045, г. Уфа, ПАО АНК \"Башнефть\" \"Башнефть-Новойл\""]
["Клапана","ПАО АНК \"Башнефть\" \"Башнефть-Новойл\"",2,16,"Клапан АЗЕ 101.000-03 Ф400","ШТ",2,3104.12,6208.24,"450045, г. Уфа, ПАО АНК \"Башнефть\" \"Башнефть-Новойл\""]
["Клапана","ПАО АНК \"Башнефть\" \"Башнефть-Новойл\"",2,17,"Клапан АЗЕ 101.000-05 Ф500","ШТ",2,3510.47,7020.94,"450045, г. Уфа, ПАО АНК \"Башнефть\" \"Башнефть-Новойл\""]
["Клапана","ПАО АНК \"Башнефть\" \"Башнефть-Новойл\"",2,18,"Клапан АЗЕ 101.000-07 Ф630","ШТ",3,4272.2700000000004,12816.810000000001,"450045, г. Уфа, ПАО АНК \"Башнефть\" \"Башнефть-Новойл\""]
["Клапана","ПАО АНК \"Башнефть\" \"Башнефть-Новойл\"",2,19,"Клапан АЗЕ 101.000-09 Ф800","ШТ",1,5227.32,5227.32,"450045, г. Уфа, ПАО АНК \"Башнефть\" \"Башнефть-Новойл\""]
["Клапана","ПАО АНК \"Башнефть\" \"Башнефть-Новойл\"",2,20,"Клапан АЗЕ-МФ 094-3.0 Ф500","ШТ",2,6011.55,12023.1,"450045, г. Уфа, ПАО АНК \"Башнефть\" \"Башнефть-Новойл\""]
["Клапана","ПАО АНК \"Башнефть\" \"Башнефть-Новойл\"",2,21,"Клапан АЗЕ-МФ 094-3.0 Ф630","ШТ",1,6640.48,6640.48,"450045, г. Уфа, ПАО АНК \"Башнефть\" \"Башнефть-Новойл\""]
["Клапана","ПАО АНК \"Башнефть\" \"Башнефть-Новойл\"",2,22,"Клапан АЗЕ-МФ 094-3.0 Ф800","ШТ",1,8054.51,8054.51,"450045, г. Уфа, ПАО АНК \"Башнефть\" \"Башнефть-Новойл\""]
["Клапана","ПАО АНК \"Башнефть\" \"Башнефть-Новойл\"",2,23,"Клапан ИА 01010-300М с ручным приводом","ШТ",1,76786.759999999995,76786.759999999995,"450045, г. Уфа, ПАО АНК \"Башнефть\" \"Башнефть-Новойл\""]
["Клапана","ПАО АНК \"Башнефть\" \"Башнефть-Новойл\"",2,24,"Клапан ИА 01013-200 с ручным приводом","ШТ",3,36367.519999999997,109102.56,"450045, г. Уфа, ПАО АНК \"Башнефть\" \"Башнефть-Новойл\""]
["Клапана","ПАО АНК \"Башнефть\" \"Башнефть-Новойл\"",2,25,"Клапан ИА 01014-800 с электроприводом","ШТ",1,720610.31,720610.31,"450045, г. Уфа, ПАО АНК \"Башнефть\" \"Башнефть-Новойл\""]
["Клапана","ПАО АНК \"Башнефть\" \"Башнефть-Новойл\"",2,26,"Клапан КИДМ-200 Ф200","ШТ",2,27147.22,54294.44,"450045, г. Уфа, ПАО АНК \"Башнефть\" \"Башнефть-Новойл\""]
["Клапана","ПАО АНК \"Башнефть\" \"Башнефть-Новойл\"",2,27,"Клапан КИДМ-300 Ф300","ШТ",1,26742.99,26742.99,"450045, г. Уфа, ПАО АНК \"Башнефть\" \"Башнефть-Новойл\""]
["Клапана","ПАО АНК \"Башнефть\" \"Башнефть-Новойл\"",2,28,"Клапан КО Ф250 серия 5.904-41","ШТ",4,1145.99,4583.96,"450045, г. Уфа, ПАО АНК \"Башнефть\" \"Башнефть-Новойл\""]
["Клапана","ПАО АНК \"Башнефть\" \"Башнефть-Новойл\"",2,29,"Клапан КО-01 Ф315","ШТ",1,1637.48,1637.48,"450045, г. Уфа, ПАО АНК \"Башнефть\" \"Башнефть-Новойл\""]
["Клапана","ПАО АНК \"Башнефть\" \"Башнефть-Новойл\"",2,30,"Клапан КО-01 Ф315","ШТ",2,2554.7600000000002,5109.5200000000004,"450045, г. Уфа, ПАО АНК \"Башнефть\" \"Башнефть-Новойл\""]
["Клапана","ПАО АНК \"Башнефть\" \"Башнефть-Новойл\"",2,31,"Клапан КО-02 Ф400","ШТ",5,1722.02,8610.1,"450045, г. Уфа, ПАО АНК \"Башнефть\" \"Башнефть-Новойл\""]
["Клапана","ПАО АНК \"Башнефть\" \"Башнефть-Новойл\"",2,32,"Клапан КО-05 800","ШТ",3,927.79,2783.37,"450045, г. Уфа, ПАО АНК \"Башнефть\" \"Башнефть-Новойл\""]
["Клапана","ПАО АНК \"Башнефть\" \"Башнефть-Новойл\"",2,33,"Клапан КО-05 Ф800","ШТ",4,2779.73,11118.92,"450045, г. Уфа, ПАО АНК \"Башнефть\" \"Башнефть-Новойл\""]
["Клапана","ПАО АНК \"Башнефть\" \"Башнефть-Новойл\"",2,34,"Клапан КОп-04 500х500","ШТ",2,720.64,1441.28,"450045, г. Уфа, ПАО АНК \"Башнефть\" \"Башнефть-Новойл\""]
["Вспомогательные материалы","ПАО АНК \"Башнефть\" \"Башнефть-Новойл\"",3,35,"Блок ротации кондиционера УРК-2","ШТ",1,5250,5250,"450045, г. Уфа, ПАО АНК \"Башнефть\" \"Башнефть-Новойл\""]
["Вспомогательные материалы","ПАО АНК \"Башнефть\" \"Башнефть-Новойл\"",3,36,"Вентилятор ВР-280-46 №6.3 И2 и.1 7.5/750","ШТ",1,19155.740000000002,19155.740000000002,"450045, г. Уфа, ПАО АНК \"Башнефть\" \"Башнефть-Новойл\""]
["Вспомогательные материалы","ПАО АНК \"Башнефть\" \"Башнефть-Новойл\"",3,37,"Виброизолятор ДО39","ШТ",18,36.85,663.30000000000007,"450045, г. Уфа, ПАО АНК \"Башнефть\" \"Башнефть-Новойл\""]
["Вспомогательные материалы","ПАО АНК \"Башнефть\" \"Башнефть-Новойл\"",3,38,"Виброизолятор ДО39","ШТ",24,39.39,945.36,"450045, г. Уфа, ПАО АНК \"Башнефть\" \"Башнефть-Новойл\""]
["Вспомогательные материалы","ПАО АНК \"Башнефть\" \"Башнефть-Новойл\"",3,39,"Виброизолятор ДО-40","ШТ",16,42.06,672.96,"450045, г. Уфа, ПАО АНК \"Башнефть\" \"Башнефть-Новойл\""]
["Вспомогательные материалы","ПАО АНК \"Башнефть\" \"Башнефть-Новойл\"",3,40,"Виброизолятор ДО-40","ШТ",16,63.47,1015.52,"450045, г. Уфа, ПАО АНК \"Башнефть\" \"Башнефть-Новойл\""]
["Вспомогательные материалы","ПАО АНК \"Башнефть\" \"Башнефть-Новойл\"",3,41,"Виброизолятор ДО-40","ШТ",15,48.1,721.5,"450045, г. Уфа, ПАО АНК \"Башнефть\" \"Башнефть-Новойл\""]
["Вспомогательные материалы","ПАО АНК \"Башнефть\" \"Башнефть-Новойл\"",3,42,"Виброизолятор ДО41","ШТ",22,49.1,1080.2,"450045, г. Уфа, ПАО АНК \"Башнефть\" \"Башнефть-Новойл\""]
["Вспомогательные материалы","ПАО АНК \"Башнефть\" \"Башнефть-Новойл\"",3,43,"Виброизолятор ДО41","ШТ",8,68.39,547.12,"450045, г. Уфа, ПАО АНК \"Башнефть\" \"Башнефть-Новойл\""]
["Вспомогательные материалы","ПАО АНК \"Башнефть\" \"Башнефть-Новойл\"",3,44,"Виброизолятор ДО-42","ШТ",20,198.85,3977,"450045, г. Уфа, ПАО АНК \"Башнефть\" \"Башнефть-Новойл\""]
["Вспомогательные материалы","ПАО АНК \"Башнефть\" \"Башнефть-Новойл\"",3,45,"Вставка гибкая В.00.00-02","ШТ",2,190.59,381.18,"450045, г. Уфа, ПАО АНК \"Башнефть\" \"Башнефть-Новойл\""]
["Вспомогательные материалы","ПАО АНК \"Башнефть\" \"Башнефть-Новойл\"",3,46,"Вставка гибкая В.00.00-05","ШТ",4,525.82000000000005,2103.2800000000002,"450045, г. Уфа, ПАО АНК \"Башнефть\" \"Башнефть-Новойл\""]
["Вспомогательные материалы","ПАО АНК \"Башнефть\" \"Башнефть-Новойл\"",3,47,"Вставка гибкая В.00.00-08","ШТ",4,584.75,2339,"450045, г. Уфа, ПАО АНК \"Башнефть\" \"Башнефть-Новойл\""]
["Вспомогательные материалы","ПАО АНК \"Башнефть\" \"Башнефть-Новойл\"",3,48,"Вставка гибкая В.00.00-12","ШТ",2,514.91999999999996,1029.8399999999999,"450045, г. Уфа, ПАО АНК \"Башнефть\" \"Башнефть-Новойл\""]
["Вспомогательные материалы","ПАО АНК \"Башнефть\" \"Башнефть-Новойл\"",3,49,"Вставка гибкая В.00.00-12","ШТ",4,514.91999999999996,2059.6799999999998,"450045, г. Уфа, ПАО АНК \"Башнефть\" \"Башнефть-Новойл\""]
["Вспомогательные материалы","ПАО АНК \"Башнефть\" \"Башнефть-Новойл\"",3,50,"Вставка гибкая ВГ-В-4.5-Н-УХЛ","ШТ",1,145.12,145.12,"450045, г. Уфа, ПАО АНК \"Башнефть\" \"Башнефть-Новойл\""]
["Вспомогательные материалы","ПАО АНК \"Башнефть\" \"Башнефть-Новойл\"",3,51,"Вставка гибкая ВГ-Н-4.5-Н-УХЛ","ШТ",1,159.63,159.63,"450045, г. Уфа, ПАО АНК \"Башнефть\" \"Башнефть-Новойл\""]
["Вспомогательные материалы","ПАО АНК \"Башнефть\" \"Башнефть-Новойл\"",3,52,"Вставка гибкая ВГТ 700х700","ШТ",4,3211.55,12846.2,"450045, г. Уфа, ПАО АНК \"Башнефть\" \"Башнефть-Новойл\""]
["Вспомогательные материалы","ПАО АНК \"Башнефть\" \"Башнефть-Новойл\"",3,53,"Вставка гибкая ВГТ 702х293","ШТ",2,2425.5700000000002,4851.1400000000003,"450045, г. Уфа, ПАО АНК \"Башнефть\" \"Башнефть-Новойл\""]
["Вспомогательные материалы","ПАО АНК \"Башнефть\" \"Башнефть-Новойл\"",3,54,"Вставка гибкая ВГТ Ду 870","ШТ",2,2928.55,5857.1,"450045, г. Уфа, ПАО АНК \"Башнефть\" \"Башнефть-Новойл\""]
["Вспомогательные материалы","ПАО АНК \"Башнефть\" \"Башнефть-Новойл\"",3,55,"Вставка гибкая Н.00.00-02","ШТ",2,168.49,336.98,"450045, г. Уфа, ПАО АНК \"Башнефть\" \"Башнефть-Новойл\""]
["Вспомогательные материалы","ПАО АНК \"Башнефть\" \"Башнефть-Новойл\"",3,56,"Вставка гибкая Н.00.00-03","ШТ",4,124.59,498.36,"450045, г. Уфа, ПАО АНК \"Башнефть\" \"Башнефть-Новойл\""]
["Вспомогательные материалы","ПАО АНК \"Башнефть\" \"Башнефть-Новойл\"",3,57,"Вставка гибкая Н.00.00-08","ШТ",1,179.97,179.97,"450045, г. Уфа, ПАО АНК \"Башнефть\" \"Башнефть-Новойл\""]
["Вспомогательные материалы","ПАО АНК \"Башнефть\" \"Башнефть-Новойл\"",3,58,"Вставка гибкая Н.00.00-08","ШТ",4,145.13,580.52,"450045, г. Уфа, ПАО АНК \"Башнефть\" \"Башнефть-Новойл\""]
["Вспомогательные материалы","ПАО АНК \"Башнефть\" \"Башнефть-Новойл\"",3,59,"Вставка гибкая Н.00.00-11","ШТ",1,711.13,711.13,"450045, г. Уфа, ПАО АНК \"Башнефть\" \"Башнефть-Новойл\""]
["Вспомогательные материалы","ПАО АНК \"Башнефть\" \"Башнефть-Новойл\"",3,60,"Вставка гибкая Н.00.00-15","ШТ",4,542.55999999999995,2170.2399999999998,"450045, г. Уфа, ПАО АНК \"Башнефть\" \"Башнефть-Новойл\""]
["Вспомогательные материалы","ПАО АНК \"Башнефть\" \"Башнефть-Новойл\"",3,61,"Вставка термостойкая ВГТ-2-7.1-600","ШТ",1,1596.31,1596.31,"450045, г. Уфа, ПАО АНК \"Башнефть\" \"Башнефть-Новойл\""]
["Вспомогательные материалы","ПАО АНК \"Башнефть\" \"Башнефть-Новойл\"",3,62,"Вставка термостойкая ВГТ-3-7.1-600","ШТ",1,1538.26,1538.26,"450045, г. Уфа, ПАО АНК \"Башнефть\" \"Башнефть-Новойл\""]
["Вспомогательные материалы","ПАО АНК \"Башнефть\" \"Башнефть-Новойл\"",3,63,"Вставка фильтрующая KF3 70-40","ШТ",1,279.86,279.86,"450045, г. Уфа, ПАО АНК \"Башнефть\" \"Башнефть-Новойл\""]
["Вспомогательные материалы","ПАО АНК \"Башнефть\" \"Башнефть-Новойл\"",3,64,"Вставка фильтрующая KF3 70-40","ШТ",1,279.86,279.86,"450045, г. Уфа, ПАО АНК \"Башнефть\" \"Башнефть-Новойл\""]
["Вспомогательные материалы","ПАО АНК \"Башнефть\" \"Башнефть-Новойл\"",3,65,"Вставка фильтрующая KF3 70-40","ШТ",5,279.86,{"$f":"G69*H69","v":1399.3000000000002},"450045, г. Уфа, ПАО АНК \"Башнефть\" \"Башнефть-Новойл\""]
["Вспомогательные материалы","ПАО АНК \"Башнефть\" \"Башнефть-Новойл\"",3,66,"Вставка фильтрующая VF3 50-25","ШТ",2,539.84,1079.68,"450045, г. Уфа, ПАО АНК \"Башнефть\" \"Башнефть-Новойл\""]
["Вспомогательные материалы","ПАО АНК \"Башнефть\" \"Башнефть-Новойл\"",3,67,"Вставка фильтрующая VFK 80-50","ШТ",2,871.32,1742.64,"450045, г. Уфа, ПАО АНК \"Башнефть\" \"Башнефть-Новойл\""]
["Вспомогательные материалы","ПАО АНК \"Башнефть\" \"Башнефть-Новойл\"",3,68,"Зонт вытяжной D100","ШТ",1,80.099999999999994,80.099999999999994,"450045, г. Уфа, ПАО АНК \"Башнефть\" \"Башнефть-Новойл\""]
["Вспомогательные материалы","ПАО АНК \"Башнефть\" \"Башнефть-Новойл\"",3,69,"Зонт вытяжной D160","ШТ",3,106.38,319.14,"450045, г. Уфа, ПАО АНК \"Башнефть\" \"Башнефть-Новойл\""]
["Вспомогательные материалы","ПАО АНК \"Башнефть\" \"Башнефть-Новойл\"",3,70,"Зонт вытяжной D200","ШТ",1,118.41,118.41,"450045, г. Уфа, ПАО АНК \"Башнефть\" \"Башнефть-Новойл\""]
["Вспомогательные материалы","ПАО АНК \"Башнефть\" \"Башнефть-Новойл\"",3,71,"Зонт вытяжной D250","ШТ",1,128.86000000000001,128.86000000000001,"450045, г. Уфа, ПАО АНК \"Башнефть\" \"Башнефть-Новойл\""]
["Вспомогательные материалы","ПАО АНК \"Башнефть\" \"Башнефть-Новойл\"",3,72,"Зонт вытяжной D315мм","ШТ",3,174,522,"450045, г. Уфа, ПАО АНК \"Башнефть\" \"Башнефть-Новойл\""]
["Вспомогательные материалы","ПАО АНК \"Башнефть\" \"Башнефть-Новойл\"",3,73,"Зонт вытяжной ЗК.00.000-06 с.5.904-51 в1","ШТ",1,534.09,534.09,"450045, г. Уфа, ПАО АНК \"Башнефть\" \"Башнефть-Новойл\""]
["Вспомогательные материалы","ПАО АНК \"Башнефть\" \"Башнефть-Новойл\"",3,74,"Зонт круглый ЗК.00.000 D160","ШТ",1,78.510000000000005,78.510000000000005,"450045, г. Уфа, ПАО АНК \"Башнефть\" \"Башнефть-Новойл\""]
["Вспомогательные материалы","ПАО АНК \"Башнефть\" \"Башнефть-Новойл\"",3,75,"Контрафланец FFZ102-050040-00","ШТ",4,1743.82,6975.28,"450045, г. Уфа, ПАО АНК \"Башнефть\" \"Башнефть-Новойл\""]
["Вспомогательные материалы","ПАО АНК \"Башнефть\" \"Башнефть-Новойл\"",3,76,"Контрафланец FFZ103-000050-00","ШТ",4,1536.11,6144.44,"450045, г. Уфа, ПАО АНК \"Башнефть\" \"Башнефть-Новойл\""]
["Вспомогательные материалы","ПАО АНК \"Башнефть\" \"Башнефть-Новойл\"",3,77,"Контр-фланец FFZ103-000031-00","ШТ",2,1290.0899999999999,2580.1799999999998,"450045, г. Уфа, ПАО АНК \"Башнефть\" \"Башнефть-Новойл\""]
["Вспомогательные материалы","ПАО АНК \"Башнефть\" \"Башнефть-Новойл\"",3,78,"Контр-фланец FFZ103-000090-00","ШТ",4,3238.91,12955.64,"450045, г. Уфа, ПАО АНК \"Башнефть\" \"Башнефть-Новойл\""]
["Вспомогательные материалы","ПАО АНК \"Башнефть\" \"Башнефть-Новойл\"",3,79,"Контр-фланец FFZ103-000090-00","ШТ",2,3165.12,6330.24,"450045, г. Уфа, ПАО АНК \"Башнефть\" \"Башнефть-Новойл\""]
["Вспомогательные материалы","ПАО АНК \"Башнефть\" \"Башнефть-Новойл\"",3,80,"Опора 5.904-1 1ПФ-06","ШТ",2,66.44,132.88,"450045, г. Уфа, ПАО АНК \"Башнефть\" \"Башнефть-Новойл\""]
["Вспомогательные материалы","ПАО АНК \"Башнефть\" \"Башнефть-Новойл\"",3,81,"Опора 5.904-1 1ПФ-08","ШТ",8,74.739999999999995,597.91999999999996,"450045, г. Уфа, ПАО АНК \"Башнефть\" \"Башнефть-Новойл\""]
["Вспомогательные материалы","ПАО АНК \"Башнефть\" \"Башнефть-Новойл\"",3,82,"Опора 5.904-1 1ПФ-12","ШТ",1,79.72,79.72,"450045, г. Уфа, ПАО АНК \"Башнефть\" \"Башнефть-Новойл\""]
["Вспомогательные материалы","ПАО АНК \"Башнефть\" \"Башнефть-Новойл\"",3,83,"Опора 5.904-1 1ПФ-14","ШТ",2,99.65,199.3,"450045, г. Уфа, ПАО АНК \"Башнефть\" \"Башнефть-Новойл\""]
["Вспомогательные материалы","ПАО АНК \"Башнефть\" \"Башнефть-Новойл\"",3,84,"Опора 5.904-1 1ПФ-16","ШТ",2,162.77000000000001,325.54000000000002,"450045, г. Уфа, ПАО АНК \"Башнефть\" \"Башнефть-Новойл\""]
["Вспомогательные материалы","ПАО АНК \"Башнефть\" \"Башнефть-Новойл\"",3,85,"Пластина направляющая LEK002-050040-00","ШТ",4,3252.58,13010.32,"450045, г. Уфа, ПАО АНК \"Башнефть\" \"Башнефть-Новойл\""]
["Вспомогательные материалы","ПАО АНК \"Башнефть\" \"Башнефть-Новойл\"",3,86,"Пластина направляющая LEK003-000050-00","ШТ",4,3058.55,12234.2,"450045, г. Уфа, ПАО АНК \"Башнефть\" \"Башнефть-Новойл\""]
["Вспомогательные материалы","ПАО АНК \"Башнефть\" \"Башнефть-Новойл\"",3,87,"Решетка вентиляционная Р 150","ШТ",2,134.55000000000001,269.10000000000002,"450045, г. Уфа, ПАО АНК \"Башнефть\" \"Башнефть-Новойл\""]
["Вспомогательные материалы","ПАО АНК \"Башнефть\" \"Башнефть-Новойл\"",3,88,"Решетка вентиляционная Р 200","ШТ",95,41.06,3900.7000000000003,"450045, г. Уфа, ПАО АНК \"Башнефть\" \"Башнефть-Новойл\""]
["Вспомогательные материалы","ПАО АНК \"Башнефть\" \"Башнефть-Новойл\"",3,89,"Решетка вентиляционная Р 200","ШТ",1,40.26,40.26,"450045, г. Уфа, ПАО АНК \"Башнефть\" \"Башнефть-Новойл\""]
["Вспомогательные материалы","ПАО АНК \"Башнефть\" \"Башнефть-Новойл\"",3,90,"Решетка вентиляционная Р 300","ШТ",6,143.27000000000001,859.62000000000012,"450045, г. Уфа, ПАО АНК \"Башнефть\" \"Башнефть-Новойл\""]
["Вспомогательные материалы","ПАО АНК \"Башнефть\" \"Башнефть-Новойл\"",3,91,"Термостат QAF81.3","ШТ",3,2978.65,8935.9500000000007,"450045, г. Уфа, ПАО АНК \"Башнефть\" \"Башнефть-Новойл\""]
["Вспомогательные материалы","ПАО АНК \"Башнефть\" \"Башнефть-Новойл\"",3,92,"Устройство противовзрывное УЗС-1","ШТ",1,5824,5824,"450045, г. Уфа, ПАО АНК \"Башнефть\" \"Башнефть-Новойл\""]
["Вспомогательные материалы","ПАО АНК \"Башнефть\" \"Башнефть-Новойл\"",3,93,"Фильтр карманный ФВК-33-360-3-F5/25","ШТ",2,1196.5999999999999,2393.1999999999998,"450045, г. Уфа, ПАО АНК \"Башнефть\" \"Башнефть-Новойл\""]
["Вспомогательные материалы","ПАО АНК \"Башнефть\" \"Башнефть-Новойл\"",3,94,"Фильтр карманный ФВК-36-360-3-F5/25","ШТ",8,1189.3699999999999,9514.9599999999991,"450045, г. Уфа, ПАО АНК \"Башнефть\" \"Башнефть-Новойл\""]
["Вспомогательные материалы","ПАО АНК \"Башнефть\" \"Башнефть-Новойл\"",3,95,"Фильтр карманный ФВК-69-360-6-G4/25","ШТ",18,1285.73,23143.14,"450045, г. Уфа, ПАО АНК \"Башнефть\" \"Башнефть-Новойл\""]
["Вспомогательные материалы","ПАО АНК \"Башнефть\" \"Башнефть-Новойл\"",3,96,"Фильтр ячейковый ФяРБ","ШТ",5,3584.97,17924.849999999999,"450045, г. Уфа, ПАО АНК \"Башнефть\" \"Башнефть-Новойл\""]
["Вспомогательные материалы","ПАО АНК \"Башнефть\" \"Башнефть-Новойл\"",3,97,"Фланец опорный 1ФО-08","ШТ",5,290.24,1451.2,"450045, г. Уфа, ПАО АНК \"Башнефть\" \"Башнефть-Новойл\""]
["Вспомогательные материалы","ПАО АНК \"Башнефть\" \"Башнефть-Новойл\"",3,98,"Фланец опорный 1ФО-10","ШТ",5,290.24,1451.2,"450045, г. Уфа, ПАО АНК \"Башнефть\" \"Башнефть-Новойл\""]
["Вспомогательные материалы","ПАО АНК \"Башнефть\" \"Башнефть-Новойл\"",3,99,"Фланец опорный 1ФО-12","ШТ",4,290.24,1160.96,"450045, г. Уфа, ПАО АНК \"Башнефть\" \"Башнефть-Новойл\""]
["Вспомогательные материалы","ПАО АНК \"Башнефть\" \"Башнефть-Новойл\"",3,100,"Фланец опорный 1ФО-14","ШТ",2,290.24,580.48,"450045, г. Уфа, ПАО АНК \"Башнефть\" \"Башнефть-Новойл\""]
["Вспомогательные материалы","ПАО АНК \"Башнефть\" \"Башнефть-Новойл\"",3,101,"Фланец опорный 1ФО-16","ШТ",1,290.24,290.24,"450045, г. Уфа, ПАО АНК \"Башнефть\" \"Башнефть-Новойл\""]
["Вспомогательные материалы","ПАО АНК \"Башнефть\" \"Башнефть-Новойл\"",3,102,"Фланец опорный 2ФО-36","ШТ",1,290.24,290.24,"450045, г. Уфа, ПАО АНК \"Башнефть\" \"Башнефть-Новойл\""]
["Вспомогательные материалы","ПАО АНК \"Башнефть\" \"Башнефть-Новойл\"",3,103,"Виброизолятор ДО-40","ШТ",1,48.1,48.1,"450045, г. Уфа, ПАО АНК \"Башнефть\" \"Башнефть-Новойл\""]
["Вспомогательные материалы","ПАО АНК \"Башнефть\" \"Башнефть-Новойл\"",3,104,"Вставка фильтрующая KF3 70-40","ШТ",5,279.86,1399.3000000000002,"450045, г. Уфа, ПАО АНК \"Башнефть\" \"Башнефть-Новойл\""]
["Вспомогательные материалы","ПАО АНК \"Башнефть\" \"Башнефть-Новойл\"",3,105,"Вставка фильтрующая KF3 70-40","ШТ",1,279.86,279.86,"450045, г. Уфа, ПАО АНК \"Башнефть\" \"Башнефть-Новойл\""]
["Вспомогательные материалы","ПАО АНК \"Башнефть\" \"Башнефть-Новойл\"",3,106,"Контрафланец FFZ102-050040-00","ШТ",2,1743.82,3487.64,"450045, г. Уфа, ПАО АНК \"Башнефть\" \"Башнефть-Новойл\""]
["Вспомогательные материалы","ПАО АНК \"Башнефть\" \"Башнефть-Новойл\"",3,107,"Контрафланец FFZ103-000050-00","ШТ",2,1536.11,3072.22,"450045, г. Уфа, ПАО АНК \"Башнефть\" \"Башнефть-Новойл\""]
["Вспомогательные материалы","ПАО АНК \"Башнефть\" \"Башнефть-Новойл\"",3,108,"Опора 5.904-1 1ПФ-12","ШТ",1,79.72,79.72,"450045, г. Уфа, ПАО АНК \"Башнефть\" \"Башнефть-Новойл\""]
["Вспомогательные материалы","ПАО АНК \"Башнефть\" \"Башнефть-Новойл\"",3,109,"Опора 5.904-1 1ПФ-16","ШТ",13,162.77000000000001,2116.0100000000002,"450045, г. Уфа, ПАО АНК \"Башнефть\" \"Башнефть-Новойл\""]
["Вспомогательные материалы","ПАО АНК \"Башнефть\" \"Башнефть-Новойл\"",3,110,"Пластина направляющая LEK003-000050-00","ШТ",2,3058.55,6117.1,"450045, г. Уфа, ПАО АНК \"Башнефть\" \"Башнефть-Новойл\""]

{"sheet":"Лист1","index":1,"n_rows":0,"n_cols":0,"rows_kept":0,"cut":false,"hidden":false,"merged":[]}